|
|
|
|
| LEADER |
00000nam1a2200000 4500 |
| 001 |
311662 |
| 005 |
20231102002416.0 |
| 020 |
|
|
|a RU
|b 82-22622
|
| 035 |
|
|
|a (RuTPU)RU\TPU\book\337027
|
| 090 |
|
|
|a 311662
|
| 100 |
|
|
|a 20151210d1982 m y0rusy5003 ca
|
| 101 |
0 |
|
|a rus
|
| 200 |
1 |
|
|a Практические работы по слесарному делу
|e учебное пособие для среднего профессионального образования
|f Н. И. Макиенко
|
| 210 |
|
|
|a Москва
|c Высшая школа
|d 1982
|
| 215 |
|
|
|a 208 с.
|c ил.
|
| 225 |
1 |
|
|a Профтехобразование
|
| 320 |
|
|
|a Библиогр.: с. 201
|
| 606 |
1 |
|
|a Слесарное дело
|x Производственное обучение
|2 stltpush
|3 (RuTPU)RU\TPU\subj\55143
|9 73203
|
| 610 |
1 |
|
|a практические работы
|
| 610 |
1 |
|
|a разметка
|
| 610 |
1 |
|
|a правка
|
| 610 |
1 |
|
|a рубка
|
| 610 |
1 |
|
|a резка
|
| 610 |
1 |
|
|a опиливание
|
| 610 |
1 |
|
|a сверление
|
| 610 |
1 |
|
|a зенкование
|
| 610 |
1 |
|
|a нарезание резьбы
|
| 610 |
1 |
|
|a клепка
|
| 610 |
1 |
|
|a шабрение
|
| 610 |
1 |
|
|a притирка
|
| 610 |
1 |
|
|a пайка
|
| 610 |
1 |
|
|a лужение
|
| 610 |
1 |
|
|a учебные пособия
|
| 675 |
|
|
|a 683.3(076.5)
|z rus
|
| 700 |
|
1 |
|a Макиенко
|b Н. И.
|g Николай Иванович
|4 070
|
| 801 |
|
0 |
|a RU
|b RuMRKP
|c 19950704
|g psbo
|
| 801 |
|
1 |
|a RU
|b 63413507
|c 20151210
|
| 801 |
|
2 |
|a RU
|b 63413507
|c 20191106
|g RCR
|
| 942 |
|
|
|c BK
|